|
|
|
|
| LEADER |
01716cas a2200241 a 4500 |
| 001 |
AALejournalIMF006245 |
| 008 |
230101c9999 xx r poo 0 0eng d |
| 020 |
|
|
|c 5.00 USD
|
| 020 |
|
|
|z 9781451832327
|
| 022 |
|
|
|a 1934-7685
|
| 040 |
|
|
|a BD-DhAAL
|c BD-DhAAL
|
| 110 |
2 |
|
|a International Monetary Fund.
|
| 245 |
1 |
0 |
|a Portugal :
|b Staff Report; Public Information Notice on the Executive Board Discussion; and Statement by the Executive Director for Portugal.
|
| 264 |
|
1 |
|a Washington, D.C. :
|b International Monetary Fund,
|c 2010.
|
| 300 |
|
|
|a 1 online resource (66 pages)
|
| 490 |
1 |
|
|a IMF Staff Country Reports
|
| 500 |
|
|
|a <strong>Off-Campus Access:</strong> No User ID or Password Required
|
| 500 |
|
|
|a <strong>On-Campus Access:</strong> No User ID or Password Required
|
| 506 |
|
|
|a Electronic access restricted to authorized BRAC University faculty, staff and students
|
| 520 |
3 |
|
|a This 2009 Article IV Consultation highlights that the global economic crisis has severely affected the Portuguese economy. Output will likely contract by almost 3 percent in 2009, driven by sharp falls in exports and investment. Despite a substantial rise in unemployment to nearly 10 percent, wage growth remained brisk. Encouragingly, some signs of adjustment are emerging, as prices have fallen faster than in the euro area. Executive Directors have encouraged the authorities to prepare a credible fiscal consolidation plan that would prevent further deterioration in fiscal balances.
|
| 538 |
|
|
|a Mode of access: Internet
|
| 830 |
|
0 |
|a IMF Staff Country Reports; Country Report ;
|v No. 2010/018
|
| 856 |
4 |
0 |
|z Full text available on IMF
|u http://elibrary.imf.org/view/journals/002/2010/018/002.2010.issue-018-en.xml
|z IMF e-Library
|